000 00409pab a2200145 454500
008 180718b2005 xxu||||| |||| 00| 0 eng d
100 _aSingh, Inder jit
245 _aA socio-economic and demographic profile of Indians in USA: insights from the US census data
260 _c2005
300 _ap.87-107.
362 _aJul
650 _aIndians in United States
773 _aAdministrator
909 _a69720
999 _c69720
_d69720